01902cam a22003975a 45000010009000000050017000090080041000260100017000670150019000840160018001030200015001210200018001360350024001540400094001780420014002720820019002861000044003052450048003492500012003972600070004093000034004795000025005135040034005385200170005726500040007426500033007826510010008156530024008256530024008498560092008738560280009658560064012459420023013099990017013329520155013491884244820161024105712.0151103s2015 enka frb 001 0 eng d a 2015490070 aGBB4D33962bnb7 a0169545702Uk a1107624495 a9781107624498 a(OCoLC)ocn886743633 aYDXCPbengcYDXCPdOCLCQdUKMGBdCDXdOCLCQdCHVBKdOCLCOdNDDdOCLCFdCUDdDLCdEG-ScBUE alccopycat04222a338.9bSZI1 aSzirmai, Adam,‏ ‎d1946-‏ 94160510aSocio-economic development /cAdam Szirmai. a2nd ed. aCambridge, United Kingdom : bCambridge University Press, c2015. axxx, 763 p. :bill. ;c25 cm. aIndexes: p. 735-763. aBibliography : (p. 658-734). aTaking a comparative and multidisciplinary approach, this textbook offers a non-technical introduction to the dynamics of socio-economic development and stagnation.  7aEconomic development.2BUEsh910495 7aSocial change.2BUEsh921180 2BUEsh bBUSADMcOctober2016 bBUSECOcOctober2016413Table of contents onlyuhttp://www.loc.gov/catdir/enhancements/fy1606/2015490070-t.html413Jpg and PowerPoint dlides of figures-web links to sources of international data-downloadable Excel Worksheetsuhttp://www.cambridge.org/eg/academic/subjects/economics/economic-development-and-growth/socio-economic-development-2nd-edition?format=PB#resourcesyOnline resources41uhttp://www.dynamicsofdevelopment.com/yAdditional resources 2ddce22k338.9 SZI c22814d22786 00102ddc40708BaccahaMAINbMAINc1STd2016-10-24ePurchaseg675.00h25846l2m4o338.9 SZIp000033954r2025-07-15 00:00:00s2022-02-27v843.75yBB